Southville International School and Colleges
Your cart is empty.
  • Cart
  • Lists
    Public lists Eva Luna New books Lux_list list_1
    Your lists Log in to create your own lists
  • Log in to your account
  • Your cookies
  • Search history
Southville International School and Colleges
  • Advanced search
  • Recent comments
  • Most popular
  • Libraries

Log in to your account

Log in with GOOGLE


If you do not have an external account, but do have a local account, you can still log in:

  1. Home
  2. MARC view: The dissection of vertebrates :
Normal view MARC view ISBD view

The dissection of vertebrates : (Record no. 39718)

[ view plain ]
MARC details
000 -LEADER
fixed length control field 00580nam a2200181 a 4500
005 - DATE AND TIME OF LATEST TRANSACTION
control field 20140311163039.0
008 - FIXED-LENGTH DATA ELEMENTS--GENERAL INFORMATION
fixed length control field 110928s19uu xx 00 eng d
020 ## - INTERNATIONAL STANDARD BOOK NUMBER
International Standard Book Number 9780120887767
050 ## - LIBRARY OF CONGRESS CALL NUMBER
Classification number QL 812.5
Item number .Iu92 2007
100 ## - MAIN ENTRY--PERSONAL NAME
Personal name De Iuliis, Gerardo
245 ## - TITLE STATEMENT
Title The dissection of vertebrates :
Remainder of title a laboratory manual /
Statement of responsibility, etc Gerardo De Iuliis and Dino Pulera.
260 ## - PUBLICATION, DISTRIBUTION, ETC. (IMPRINT)
Place of publication, distribution, etc Amsterdam :
Name of publisher, distributor, etc Elsevier,
Date of publication, distribution, etc 2007.
300 ## - PHYSICAL DESCRIPTION
Extent 274 p. :
Other physical details ill. col. ;
Dimensions 28 cm.
650 ## - SUBJECT ADDED ENTRY--TOPICAL TERM
Topical term or geographic name as entry element Vertebrates
General subdivision Dissection
-- Laboratory manuals
700 ## - ADDED ENTRY--PERSONAL NAME
Personal name Pulera, Dino
942 ## - ADDED ENTRY ELEMENTS (KOHA)
Koha item type Books
Source of classification or shelving scheme Library of Congress Classification
Call number prefix Foreign
Holdings
Withdrawn status Lost status Source of classification or shelving scheme Damaged status Home library Current library Shelving location Date acquired Source of acquisition Total Checkouts Total Renewals Full call number Barcode Date last seen Date checked out Copy number Price effective from Koha item type
    Library of Congress Classification   College Library College Library General Circulation Section 09/28/2011 Donation 3 9 QL 812.5 .Iu92 2007 C13603 09/24/2018 09/18/2018 1 10/18/2013 Books

The dissection of vertebrates :

APA

De Iuliis G., Pulera D., . (2007). The dissection of vertebrates. Amsterdam: Elsevier.

Chicago

De Iuliis Gerardo, Pulera Dino, . 2007. The dissection of vertebrates. Amsterdam: Elsevier.

Harvard

De Iuliis G., Pulera D., . (2007). The dissection of vertebrates. Amsterdam: Elsevier.

MLA

De Iuliis Gerardo, Pulera Dino, . The dissection of vertebrates. Amsterdam: Elsevier. 2007.

  • Place hold
  • Print
  • Cite
  • Add to your cart (remove)
  • Save record
    BIBTEX Dublin Core MARCXML MARC (non-Unicode/MARC-8) MARC (Unicode/UTF-8) MARC (Unicode/UTF-8, Standard) MODS (XML) RIS
  • More searches
    Search for this title in:
    Other Libraries (WorldCat) Other Databases (Google Scholar) Online Stores (Bookfinder.com) Open Library (openlibrary.org)

Exporting to Dublin Core...

SOUTHVILLE LIBRARY

Southville International School and Colleges Library

1281 Tropical Ave. Cor. Luxembourg St., BF Homes International, Las Pinas City

Tel. No. 8256374 / 252358 Loc. 117/146

Powered by Koha